000 00637nam a2200229 i 4500
001 bg
245 1 0 _aMateriały pomocnicze do ćwiczeń laboratoryjnych z podstaw techniki cieplnej.
_nCz. 1 /
_cpod red. Mariana Czappa.
250 _a[Wyd.3].
260 _aKoszalin :
_bWydawnictwo Uczelniane WSI,
_c1986.
650 9 _aTermodynamika techniczna
650 9 _aCiepło
655 _aPodręczniki akademickie
700 1 _aCzapp, Marian.
_eRed.
040 _cBPK
041 _apol
080 _a662.6/.9
080 _a536.7
080 _a532
080 _a(075.8+076)
942 _cKS
008 s pl f |000 0 pol
999 _c3279
_d3279
856 _uhttp://koha.tu.koszalin.pl/cgi-bin/koha/opac-detail.pl?biblionumber=3279
_yKatalog online BPK